000 01805nam a2200361 i 4500
001 000048789
003 DO-SdBNP
005 20260415144146.0
007 ta
008 190412s2018 dr abc 000 0 spa d
020 _a9789945914214
040 _aDO-SdBNP
_bspa
_cBNPHU
_erda
041 _aspa
082 4 _a972.8705
_bJ22c
_222
100 1 _aJaén Suárez, Omar
_eautor
_4aut.
_976242
245 1 3 _aEl canal de Panamá :
_bel triunfo de la innovación constante /
_cOmar Jaén Suárez ; edición, Fernán Molinos Delaswsky ; presentación, Manuel A. Grullón ; fotografías y filmaciones, Nicolás Psomas Araúz ; diseño y producción, Lourdes Saleme y Asociados.
264 4 _aSanto Domingo :
_bEdición Popular Bank,
_c©2018.
300 _a487 páginas :
_bilustraciones, mapas, retratos ;
_c31 cm.
336 _atexto
_btxt
_2rdacontent
337 _asin mediación
_bn
_2rdamedia
338 _avolumen
_bnc
_2rdacarrier
500 _aIncluye datos biográficos del autor página 401
504 _aBibliografía: páginas 397-399
505 0 _aPresentación --
_tIntroducción --
_tLa geografía --
_tLa gente --
_tLa tecnología --
_tLa administración --
_tLa geopolítica --
_tLa seguridad --
_tLa economía --
_tLos impactos --
_tEpílogo --
_tCronología --
_tThe panama canal a triumph of constant innovation --
_tThe canal de Panama le triomphe de l`innovation constante --
590 _aInventariado, 2019/LP
651 0 _aCanal de Panamá (Panamá)
_989310
651 0 _aCanal de Panamá (Panamá)
_vObras ilustradas
_989311
700 1 _aGrullón, Manuel A.,
_epresentador
_973783
_4present.
700 1 _aNicolás Psomas Araúz
_efotógrafo
_976243
_4fot.
700 1 _aMolinos Delaswky, Fernán
_eeditor
_4ed.
_989337
910 _aValidado. Control de calidad MFF
942 _2ddc
_cLBS1
999 _c48277
_d48277